00355 2200145 4500001002100000005001500021035002000036245004500056100002100101250000600122260003500128082000800163084001400171990002400185INLIS00000000000247120250604105744 a0010-06250000571 aLelaki Tua 'dan Laut /cErnest Hemingway0 aErnest Hemingway a1 aJakarta :bPustaka Jaya,c2002 a813 a813 ERN l a02.1810 s/d 02.1819